| 000 | 00000nam 2200000zi 4500 |
| 001 | 9.871673 |
| 003 | CaOODSP |
| 005 | 20221107163442 |
| 006 | m o d f |
| 007 | cr cn||||||||| |
| 008 | 190416t20192019qucb o f000 0 gwi d |
| 020 | |a9780660305301 |
| 040 | |aCaOODSP|beng|erda|cCaOODSP |
| 043 | |an-cn-nt|an-cn-yk|an-cn--- |
| 045 | |ay1y1 |
| 086 | 1 |aR31-9/2018Gw-PDF |
| 086 | 1 |zR31-9/2018EGW-PDF |
| 110 | 2 |aGwich'in Comprehensive Land Claim Agreement. |bImplementation Committee, |eauthor. |
| 245 | 10|aGwich'in Guuveenjit Nitr'igwihèe'aa Eenjit Nadhàt kat dagweedi'ìn' diiyah gugwaandak gwi'dinehtł'èe' : |bGwich'in Nan Eenjit Łagwiinaadhan Tr'igwiłtsaii, April 1, 2015-March 31, 2018. |
| 264 | 1|a[Gatineau, Quebec] : |b[Crown-Indigenous Relations and Northern Affairs Canada], |c[2019] |
| 264 | 4|c©2019 |
| 300 | |a1 online resource (24 pages) : |bcolour map |
| 336 | |atext|btxt|2rdacontent |
| 337 | |acomputer|bc|2rdamedia |
| 338 | |aonline resource|bcr|2rdacarrier |
| 500 | |aIssued also in English under title: Consolidated report of the Implementation Committee: Gwich'in Comprehensive Land Claim Agreement, April 1, 2015-March 31, 2018; and in French under title: Rapport consolidé du Comité mise en œuvre : Entente sur la revendication territoriale globale des Gwich'in, 1er avril 2015-31 mars 2018. |
| 500 | |a"QS-5395-300-EGW-A1." |
| 546 | |aText in Gwich'in. |
| 630 | 00|aGwich'in Comprehensive Land Claim Agreement |d(1992 April 22) |
| 650 | 5|aFirst Nations|zNorthwest Territories|xClaims. |
| 650 | 5|aFirst Nations|zYukon|xClaims. |
| 650 | 5|aFirst Nations|xLand tenure|zNorthwest Territories. |
| 650 | 5|aFirst Nations|xLand tenure|zYukon. |
| 650 | 5|aFirst Nations|zNorthwest Territories|xGovernment relations. |
| 650 | 5|aFirst Nations|zYukon|xGovernment relations. |
| 650 | 5|aFirst Nations|zCanada|xGovernment relations. |
| 650 | 5|aFirst Nations|zNorthwest Territories|xTreaties. |
| 650 | 5|aFirst Nations|zYukon|xTreaties. |
| 650 | 5|aFirst Nations|zCanada|xTreaties. |
| 710 | 1 |aCanada. |bCrown-Indigenous Relations and Northern Affairs Canada, |eissuing body. |
| 775 | 08|tConsolidated report of the Implementation Committee : |w(CaOODSP)9.868404 |
| 856 | 40|qPDF|s489 KB|uhttps://publications.gc.ca/collections/collection_2021/rcaanc-cirnac/R31-9-2018-gwi.pdf |